Diccionario francés-español y español-francés / por Pedro de Alcalá-Zamora y Théophile Antignac ; revisado, ampliado y puesto al día por Gonzalo Suárez Gómez
Descripción Física:
1192 p. ; 15 cm
MARC
| LEADER | 00000nam a2200000Ia 4500 | ||
|---|---|---|---|
| 001 | 13180 | ||
| 008 | 160829s1958 xx 000 0 cat d | ||
| 080 | |a L-1-352 | ||
| 100 | |a Alcalá-Zamora, Pedro de |9 30640 | ||
| 245 | |a Diccionario francés-español y español-francés / por Pedro de Alcalá-Zamora y Théophile Antignac ; revisado, ampliado y puesto al día por Gonzalo Suárez Gómez | ||
| 260 | |a Barcelona : |b Ramon Sopena, |c 1958 | ||
| 300 | |a 1192 p. ; |c 15 cm | ||
| 650 | |a Francès |x Diccionaris |x Castellà |9 28673 | ||
| 650 | |a Castellà |x Diccionaris |x Francès |9 28674 | ||
| 700 | |a Antignac, Théophile |9 30641 | ||
| 700 | |a Suárez Gómez, Gonzalo, rev. |9 30642 | ||
| 901 | |a Arxiu | ||
| 942 | |n 1 | ||
| 952 | |0 0 |1 0 |4 0 |6 L1352 |7 1 |9 45469 |a Arxiu |b Arxiu |d 2016-12-01 |l 0 |o L-1-352 |p 13180 |r 2016-12-01 00:00:00 |w 2016-12-01 |y ARXIU | ||
| 999 | |c 48634 |d 48634 | ||